000
00265nam a22001217a 4500
008
230703b xxu||||| |||| 00| 0 eng d
082
_a
346
_b
BRO
100
_c
P.M Bromley
245
_a
Family Law
260
_b
Butterworth
_c
1977
300
_a
675p
942
_2
ddc
_c
BK
999
_c
3490
_d
3490